000 00589nam a2200181Ia 4500
008 090123s9999 xx 000 0 und d
082 _b8722
100 _aबनसोडे अशोक
245 _aमाझ्या बापाचा बाप
250 _a1
260 _bप्रबोधन प्रकाशन
_c1983
300 _a52
600 _aबनसोडे अशोक
630 _aमाझ्या बापाचा बाप
700 _aबनसोडे अशोक
730 _aमाझ्या बापाचा बाप
942 _cBOOK
999 _c46787
_d46787